| 000 | 00428nam a2200181Ia 4500 | ||
|---|---|---|---|
| 008 | 210210b2006 xxu||||| |||| 00| 0 eng d | ||
| 041 | _aeng | ||
| 082 | _a294.5926 PARF | ||
| 100 | _aPARAMANANDA (Bharati swamiji) | ||
| 245 | _aFoundations of dharma | ||
| 260 |
_aBangalore _bNot Mentioned _c2006 |
||
| 300 | _a131 | ||
| 650 | _aof | ||
| 650 | _aFoundations | ||
| 650 | _adharma | ||
| 690 | _aHinduism | ||
| 906 | _a061979 | ||
| 999 |
_c115902 _d115902 |
||